Comunicación, conocimiento y memoria en la España de los siglos XVI y XVII / (Record n. 23163)

Dettagli MARC
000 -LEADER
fixed length control field 00935nam a2200253 i 4500
003 - CONTROL NUMBER IDENTIFIER
control field IT-RoINE
005 - DATE AND TIME OF LATEST TRANSACTION
control field 20200427115944.0
008 - FIXED-LENGTH DATA ELEMENTS--GENERAL INFORMATION
fixed length control field 010322s2000 sp |r 001|||spa|d
020 ## - INTERNATIONAL STANDARD BOOK NUMBER
International Standard Book Number 8492030534
040 ## - CATALOGING SOURCE
Original cataloging agency SpMaBN
Transcribing agency SpMaBN IT-RoINE
Modifying agency IT-RoINE
100 1# - MAIN ENTRY--PERSONAL NAME
Personal name Bouza, Fernando,
Dates associated with a name 1960-
9 (RLIN) 12662
245 10 - TITLE STATEMENT
Title Comunicación, conocimiento y memoria en la España de los siglos XVI y XVII /
Statement of responsibility, etc Fernando Bouza.
260 ## - PUBLICATION, DISTRIBUTION, ETC. (IMPRINT)
Place of publication, distribution, etc [Salamanca] :
Name of publisher, distributor, etc Seminario de Estudios Medievales y Renacentistas,
Date of publication, distribution, etc 1999 [i.e. 2000]
300 ## - PHYSICAL DESCRIPTION
Extent 148 p. ;
Dimensions 18 cm.
336 ## - CONTENT TYPE
Source rdacontent
Content type term text
337 ## - MEDIA TYPE
Source rdamedia
Media type term unmediated
338 ## - CARRIER TYPE
Source rdacarrier
Carrier type term volume
490 1# - SERIES STATEMENT
Series statement Publicaciones del SEMYR.
-- Serie chica ;
Volume number/sequential designation 2
500 ## - GENERAL NOTE
General note Incluye índice.
504 ## - BIBLIOGRAPHY, ETC. NOTE
Bibliography, etc Bibliografía: p. 131-143.
650 #4 - SUBJECT ADDED ENTRY--TOPICAL TERM
Topical term or geographic name as entry element Comunicación escrita
Geographic subdivision España
General subdivision Historia
Chronological subdivision Siglos 16o.-17o.
9 (RLIN) 45724
830 #0 - SERIES ADDED ENTRY--UNIFORM TITLE
Uniform title Publicaciones del SEMYR.
Name of part/section of a work Serie chica ;
9 (RLIN) 45725
Volume number/sequential designation 2
942 ## - ADDED ENTRY ELEMENTS (KOHA)
Item type Monografías
Dati di copia
Withdrawn status Lost status Damaged status Not for loan Home library Current library Date acquired Total Checkouts Full call number Barcode Date last seen Price effective from Koha item type
        Iglesia Nacional Española en Roma Iglesia Nacional Española en Roma 12/03/2018   HIS.ESP.3. 478 48263 12/03/2018 12/03/2018 Monografías